All Domain Expansions - Statistics

General Stats
  • This quiz has been taken 28 times
  • The average score is 6 of 12
Answer Stats
Hint Answer % Correct
Mahito? Self Embodiment of Perfection
92%
Gojo? Infinite Void
76%
Sukuna? Malevolent Shrine
68%
Higuruma? Deadly Sentencing
64%
Yuta? Authentic Mutual Love
60%
Jogo? Coffin of the Iron Mountain
60%
Geto? Womb Profusion
44%
Dagon? Horizon of the Captivating Skandha
40%
Naoya? Time Cell Moon Palace
40%
Yoruzu? Threefold Affliction
36%
Megumi? Chimera Shadow Gardon
4%
Hakari? Idle Death Gambling
4%
No matching quizzes found
Score Distribution
Percent of People with Each Score
Percentile by Number Answered
Your Score History
You have not taken this quiz